Galaxies in the Super Mario Galaxy Series - Statistics

General Stats
  • This quiz has been taken 129 times
    122 since last reset
  • The average score is 39 of 91
Answer Stats
Dome Galaxy % Correct
Terrace Good Egg Galaxy
90%
Terrace Honeyhive Galaxy
90%
Engine Room Toy Time Galaxy
79%
Fountain Battlerock Galaxy
78%
Bedroom Gusty Garden Galaxy
75%
Fountain Space Junk Galaxy
75%
Gate Gateway Galaxy
70%
Kitchen Beach Bowl Galaxy
68%
Bedroom Freezeflame Galaxy
67%
Terrace Flipswitch Galaxy
64%
World 1 Sky Station Galaxy
59%
Garden Dreadnought Galaxy
58%
Garden Melty Molten Galaxy
58%
Garden Deep Dark Galaxy
56%
Kitchen Ghostly Galaxy
56%
Hungry Luma Sweet Sweet Galaxy
56%
World 1 Yoshi Star Galaxy
56%
Bedroom Dusty Dune Galaxy
55%
Fountain Rolling Green Galaxy
55%
World 6 Throwback Galaxy
55%
Kitchen Buoy Base Galaxy
53%
World 1 Fluffy Bluff Galaxy
49%
Engine Room Gold Leaf Galaxy
49%
Garden Matter Splatter Galaxy
49%
World 6 Bowser's Galaxy Generator
48%
World 3 Cloudy Court Galaxy
48%
Terrace Loopdeeloop Galaxy
48%
World 2 Puzzle Plank Galaxy
48%
World S Grandmaster Galaxy
45%
World 1 Rightside Down Galaxy
45%
World 1 Spin-Dig Galaxy
45%
Engine Room Bonefin Galaxy
44%
Kitchen Bowser Jr.'s Airship Armada
44%
Center of the Universe Bowser's Galaxy Reactor
44%
World 2 Cosmic Cove Galaxy
44%
Planet of Trials Rolling Gizmo Galaxy
44%
Kitchen Bubble Breeze Galaxy
42%
World 4 Supermassive Galaxy
42%
World 4 Chompworks Galaxy
41%
World 3 Tall Trunk Galaxy
41%
Planet of Trials Bubble Blast Galaxy
40%
World 4 Honeyhop Galaxy
40%
Engine Room Sea Slide Galaxy
40%
World 5 Shiverburn Galaxy
40%
World 6 Battle Belt Galaxy
38%
World 1 Flip-Swap Galaxy
38%
World 3 Haunty Halls Galaxy
38%
Bedroom Honeyclimb Galaxy
38%
Hungry Luma Bigmouth Galaxy
37%
World 1 Bowser Jr's Fiery Flotilla
37%
Bedroom Bowser's Dark Matter Plant
37%
World 2 Hightail Falls Galaxy
37%
Planet of Trials Loopdeeswoop Galaxy
37%
World S Boss Blitz Galaxy
36%
After Everything Else Grand Finale Galaxy
36%
World 6 Melty Monster Galaxy
36%
Hungry Luma Sling Pod Galaxy
36%
Hungry Luma Drip Drop Galaxy
34%
World S Mario Squared Galaxy
34%
World 5 Space Storm Galaxy
34%
World 4 Starshine Beach Galaxy
34%
World 4 Sweet Mystery Galaxy
34%
World 5 Boo Moon Galaxy
33%
Fountain Bowser's Star Reactor
33%
World 5 Fleet Glide Galaxy
33%
Fountain Hurry-Scurry Galaxy
33%
World 6 Slimy Spring Galaxy
33%
World 2 Wild Glide Galaxy
33%
World 4 Flipsville Galaxy
32%
World 6 Clockwork Ruins Galaxy
30%
World 3 Rolling Masterpiece Galaxy
30%
World 5 Slipsand Galaxy
30%
World 5 Upside Dizzy Galaxy
30%
World 3 Beat Block Galaxy
29%
World 2 Boulder Bowl Galaxy
29%
World 5 Bowser Jr.'s Boom Bunker
29%
Terrace Bowser Jr.'s Robot Reactor
29%
World 4 Bowser's Gravity Gauntlet
29%
Hungry Luma Sand Spiral Galaxy
27%
World S Stone Cyclone Galaxy
27%
Hungry Luma Boo's Boneyard Galaxy
26%
Engine Room Bowser Jr.'s Lava Reactor
26%
World 3 Freezy Flake Galaxy
26%
World 2 Honeybloom Galaxy
26%
Hungry Luma Snow Cap Galaxy
26%
World S Flip-Out Galaxy
25%
World 2 Bowser's Lava Lair
23%
World 6 Flash Black Galaxy
23%
World S Twisty Trials Galaxy
23%
World S Rolling Coaster Galaxy
21%
World 3 Bowser Jr.'s Fearsome Fleet
18%
No matching quizzes found
Score Distribution
Percent of People with Each Score
Percentile by Number Answered
Your Score History
You have not taken this quiz since the last reset